000 00485cam a22001577a 4500
008 180718b1995 xxu||||| |||| 00| 0 eng d
020 _a1557862087
082 _aT108 P436h
245 _aHandbook of applied econometrics: macroeconomics
_cedited by M. Hashem Pesaran and M.R. Wickens
260 _aOxford
_bBlackwell
_c1995
300 _a482p.
650 _aMacroeconomics - Handbooks
650 _aEconometrics - Handbooks
700 _aWickens, M.R.
700 _aPesaran, M. Hashem
999 _c378951
_d378951